[Event "C.to Italiano di Categoria B"]
[Site "Civitanova Marche ITA"]
[Date "2012.07.15"]
[Round "1"]
[White "Bossoni, Mario"]
[Black "Boraso, Alessio"]
[WhiteElo "1919"]
[BlackElo "2078"]
[Result "0-1"]
[PlyCount "90"]
[EventDate "2012.07.15"]

1. e4 c5 2. d4 cxd4 3. c3 g6 4. Bc4 d3 5. Qxd3 Bg7 6. Nf3 Nc6 7. Bf4 Nf6 8. h3
O-O 9. O-O d6 10. Qe2 Nd7 11. Rd1 Nce5 12. Nxe5 Nxe5 13. Bb3 a5 14. Na3 a4 15.
Bc2 Be6 16. Bxe5 Bxe5 17. Qe3 Qa5 18. f4 Bg7 19. f5 Bd7 20. Rd5 Qa7 21. Qxa7
Rxa7 22. Re1 Bc6 23. Rdd1 b5 24. Bd3 b4 25. Nb5 Bxb5 26. Bxb5 Rb8 27. Bc4 bxc3
28. bxc3 Rc7 29. Bd5 Rxc3 30. Rf1 gxf5 31. exf5 Rb4 32. Rfe1 Be5 33. Re2 Kg7
34. Kf1 Kf6 35. Be4 h5 36. Bb1 Bg3 37. Re4 Rxe4 38. Bxe4 Re3 39. Bc2 a3 40. Kg1
Re2 41. Bb3 h4 42. Bc4 Rc2 43. Bb3 Rb2 44. Kf1 Rf2+ 45. Kg1 Rxf5 0-1

[Event "C.to Italiano di Categoria B"]
[Site "Civitanova Marche ITA"]
[Date "2012.07.15"]
[Round "1"]
[White "Brioschi, Camillo"]
[Black "Arnetta, Maria Teresa"]
[WhiteElo "1836"]
[BlackElo "2013"]
[Result "0-1"]
[PlyCount "70"]
[EventDate "2012.07.15"]

1. d4 d5 2. c4 dxc4 3. Nf3 Nf6 4. e3 Bg4 5. Bxc4 e6 6. Nc3 a6 7. a4 Nc6 8. h3
Bh5 9. O-O Bd6 10. Be2 O-O 11. Kh1 Nb4 12. e4 Be7 13. e5 Nfd5 14. Ne4 Bg6 15.
Nfd2 Nf4 16. Nf3 Nxe2 17. Qxe2 Qd5 18. Nc3 Qa5 19. Ne1 Rfd8 20. Be3 c5 21. Rd1
cxd4 22. Bxd4 Nc6 23. Nf3 Nxd4 24. Rxd4 Rxd4 25. Nxd4 Rd8 26. Rd1 Qb6 27. Qc4
h6 28. b3 Bc5 29. Nce2 Be4 30. Nc3 Bc2 31. Nxc2 Bxf2 32. Rxd8+ Qxd8 33. Qe2 Ba7
34. Qc4 Qb6 35. Ne2 Qf2 0-1

[Event "C.to Italiano di Categoria B"]
[Site "Civitanova Marche ITA"]
[Date "2012.07.15"]
[Round "1"]
[White "Chiarion, Elisa"]
[Black "Coqueraut, Jean Dominique"]
[WhiteElo "2004"]
[BlackElo "1809"]
[Result "1-0"]
[PlyCount "29"]
[EventDate "2012.07.15"]

1. e4 d6 2. d4 e5 3. Nf3 Nf6 4. Nc3 Bg4 5. dxe5 Bxf3 6. gxf3 dxe5 7. Qxd8+ Kxd8
8. Bg5 Bd6 9. O-O-O Nbd7 10. f4 h6 11. fxe5 Bxe5 12. Bxf6+ gxf6 13. Bh3 Bd6 14.
Nb5 Ke7 15. Nxc7 1-0

[Event "C.to Italiano di Categoria B"]
[Site "Civitanova Marche ITA"]
[Date "2012.07.15"]
[Round "1"]
[White "Distaso, Antonio"]
[Black "Capito', Mario"]
[WhiteElo "2040"]
[BlackElo "1857"]
[Result "1-0"]
[PlyCount "67"]
[EventDate "2012.07.15"]

1. e4 e6 2. d4 d5 3. Nd2 Nf6 4. e5 Nfd7 5. Bd3 c5 6. c3 Nc6 7. Ne2 a6 8. O-O b5
9. f4 g6 10. Nf3 h5 11. Be3 Qc7 12. Rc1 c4 13. Bb1 Bh6 14. Qe1 Nf8 15. Bf2 a5
16. Bh4 Qb6 17. Kh1 Ba6 18. Qg3 b4 19. Rce1 a4 20. Bf6 Rg8 21. f5 a3 22. fxg6
fxg6 23. bxa3 b3 24. Bg5 Bg7 25. Nh4 bxa2 26. Bxa2 Qb2 27. Bb1 Bh8 28. Qf2 Ra7
29. Nxg6 Nxg6 30. Bxg6+ Rxg6 31. Qf8+ Kd7 32. Qf7+ Ne7 33. Qxe7+ Kc6 34. Qc5+
1-0

[Event "C.to Italiano di Categoria B"]
[Site "Civitanova Marche ITA"]
[Date "2012.07.15"]
[Round "1"]
[White "Fioravanti, Emidio"]
[Black "Bellincampi, Stefano"]
[WhiteElo "1904"]
[BlackElo "2069"]
[Result "1-0"]
[PlyCount "99"]
[EventDate "2012.07.15"]

1. e4 c5 2. Nf3 Nc6 3. Bb5 Nf6 4. Bxc6 dxc6 5. Nc3 g6 6. d3 Bg7 7. Be3 b6 8.
Qd2 Nd7 9. Bh6 O-O 10. h4 e5 11. Bxg7 Kxg7 12. h5 Qe7 13. hxg6 fxg6 14. Qh6+
Kg8 15. O-O-O Nf6 16. Qg5 Re8 17. Rh4 Ba6 18. Nd2 Rad8 19. Rdh1 b5 20. Nb3 c4
21. dxc4 b4 22. Nb1 Bxc4 23. N1d2 Be2 24. Qe3 Bb5 25. f3 c5 26. Kb1 c4 27. Nc1
Qd6 28. Nf1 a5 29. g4 Re7 30. Ng3 a4 31. R4h2 a3 32. b3 Rc8 33. Rd2 Qc6 34.
Rhd1 Nd7 35. Nce2 Kg7 36. Qg5 Qf6 37. Qe3 Nc5 38. Rd6 Qf7 39. R6d5 Rec7 40. f4
exf4 41. Nxf4 cxb3 42. Qd4+ Qf6 43. cxb3 Be8 44. e5 Qe7 45. Nge2 Ne6 46. Nxe6+
Qxe6 47. Rd6 Qe7 48. Nf4 Rc2 49. Nd5 Qg5 50. e6+ 1-0

[Event "C.to Italiano di Categoria B"]
[Site "Civitanova Marche ITA"]
[Date "2012.07.15"]
[Round "1"]
[White "Forlano, Luigi"]
[Black "Mastroddi, Emiliano"]
[WhiteElo "1958"]
[BlackElo "2089"]
[Result "1/2-1/2"]
[PlyCount "65"]
[EventDate "2012.07.15"]

1. Nf3 c5 2. g3 b6 3. Bg2 Bb7 4. O-O Nf6 5. d3 g6 6. Nbd2 Bg7 7. e4 d6 8. Nh4
Qc7 9. f4 e6 10. a4 O-O 11. Qe2 Nc6 12. c3 a6 13. Ndf3 b5 14. h3 Na5 15. Nd2 b4
16. g4 bxc3 17. bxc3 Nd7 18. f5 Bxc3 19. Ra3 Bd4+ 20. Kh1 exf5 21. gxf5 Bg7 22.
Ndf3 Nc6 23. Bg5 Rae8 24. Qd2 Qa5 25. Qe3 Qb4 26. Bh6 Qxa3 27. Bxg7 Kxg7 28.
f6+ Nxf6 29. Nf5+ Kh8 30. Qh6 gxf5 31. Qxf6+ Kg8 32. Qg5+ Kh8 33. Qf6+ 1/2-1/2

[Event "C.to Italiano di Categoria B"]
[Site "Civitanova Marche ITA"]
[Date "2012.07.15"]
[Round "1"]
[White "Fratini, Mauro"]
[Black "Santeramo, Domenico"]
[WhiteElo "1862"]
[BlackElo "2042"]
[Result "0-1"]
[PlyCount "30"]
[EventDate "2012.07.15"]

1. d4 Nf6 2. Bf4 g6 3. e3 Bg7 4. Be2 d5 5. h3 O-O 6. Nf3 c5 7. c3 Nc6 8. Nbd2
Nd7 9. O-O e5 10. dxe5 Ndxe5 11. Nxe5 Nxe5 12. Qc2 Re8 13. Rfe1 Bf5 14. e4 dxe4
15. Nxe4 Qd5 0-1

[Event "C.to Italiano di Categoria B"]
[Site "Civitanova Marche ITA"]
[Date "2012.07.15"]
[Round "1"]
[White "Gaglianese, Marco"]
[Black "Gattafoni, Alessio"]
[WhiteElo "1724"]
[BlackElo "1985"]
[Result "0-1"]
[PlyCount "112"]
[EventDate "2012.07.15"]

1. d4 d5 2. Bf4 Nf6 3. e3 Bf5 4. c4 c6 5. Nc3 e6 6. Qb3 Qb6 7. c5 Qxb3 8. axb3
Nbd7 9. h3 Be7 10. Nf3 Ne4 11. b4 O-O 12. Nxe4 Bxe4 13. Nd2 Bg6 14. Nb3 Rfc8
15. Na5 e5 16. dxe5 b6 17. e6 fxe6 18. Nxc6 Rxc6 19. Bb5 Rac8 20. Bxc6 Rxc6 21.
Rxa7 Be8 22. O-O bxc5 23. bxc5 Bxc5 24. Rc1 Rb6 25. Ra8 Kf7 26. Rc2 Rb5 27. Kf1
h6 28. Rc8 Ke7 29. Bc7 Bb6 30. Bd6+ Kxd6 31. Rxe8 Ke5 32. Re7 Nc5 33. Rxg7 Kf6
34. Rg4 Nd3 35. Rh4 Kg6 36. Rc6 Rxb2 37. Rxe6+ Kf7 38. Rhxh6 Rxf2+ 39. Kg1 Bc5
40. Kh1 Ne1 41. Rc6 Bxe3 42. Rh7+ Kg8 43. Re7 d4 44. Rc8+ Rf8 45. Rxf8+ Kxf8
46. Rxe3 dxe3 47. Kg1 Nc2 48. Kf1 Nd4 49. g4 Kg7 50. h4 Kf6 51. g5+ Kf5 52. Kg2
Kg4 53. Kf1 Kf3 54. g6 e2+ 55. Ke1 Ke3 56. g7 Nf3# 0-1

[Event "C.to Italiano di Categoria B"]
[Site "Civitanova Marche ITA"]
[Date "2012.07.15"]
[Round "1"]
[White "Giancotti, Eraldo"]
[Black "Guglielmi, Dante"]
[WhiteElo "2062"]
[BlackElo "1897"]
[Result "1/2-1/2"]
[PlyCount "105"]
[EventDate "2012.07.15"]

1. d4 d5 2. Nc3 Nf6 3. e4 dxe4 4. f3 e3 5. Bxe3 e6 6. Bd3 Be7 7. Nge2 Nc6 8.
Qd2 Nb4 9. Bb5+ Bd7 10. Bc4 Bc6 11. O-O-O Nfd5 12. Bf2 Nxc3 13. Qxc3 Nd5 14.
Bxd5 Qxd5 15. Kb1 O-O 16. Nf4 Qg5 17. Be3 Qb5 18. Nd3 Rfc8 19. h4 Bd5 20. h5 h6
21. Qd2 Bc4 22. Ne5 c5 23. b3 cxd4 24. Bxd4 Bd5 25. Qf4 f6 26. Ng6 Bb4 27. Bxf6
Qe2 28. Qxb4 Qxc2+ 29. Ka1 a5 30. Qd2 gxf6 31. Ne7+ Kf7 32. Nxc8 Rxc8 33. Qe3
Qxg2 34. Qxh6 Rc2 35. Qg6+ Qxg6 36. hxg6+ Kxg6 37. Rhf1 a4 38. Rd3 b5 39. Kb1
Rh2 40. Rc3 Kf5 41. Rc5 axb3 42. axb3 b4 43. Rb5 Rh4 44. Kc2 Rd4 45. Rg1 Rf4
46. Rg3 Ke5 47. Rg4 Rxf3 48. Rgxb4 f5 49. Rh4 Rf2+ 50. Kc1 f4 51. Rb8 f3 52. b4
Ra2 53. Rf8 1/2-1/2

[Event "C.to Italiano di Categoria B"]
[Site "Civitanova Marche ITA"]
[Date "2012.07.15"]
[Round "1"]
[White "Iori, Massimiliano"]
[Black "Faraoni, Enrico"]
[WhiteElo "1962"]
[BlackElo "2093"]
[Result "1-0"]
[PlyCount "71"]
[EventDate "2012.07.15"]

1. d4 Nf6 2. Bf4 g6 3. e3 Bg7 4. Bd3 d6 5. Nf3 Nbd7 6. c3 O-O 7. Nbd2 Qe8 8.
Bb5 c6 9. Bc4 e5 10. dxe5 dxe5 11. Bg5 e4 12. Nd4 Ne5 13. Bxf6 Nxc4 14. Nxc4
Bxf6 15. Nd6 Qe7 16. Nxc8 Raxc8 17. O-O c5 18. Ne2 Be5 19. Qc2 c4 20. Rad1 Rc5
21. g3 Bb8 22. Rd4 Re8 23. Rfd1 Rh5 24. Rd5 Re5 25. Qa4 Rxd5 26. Rxd5 h5 27.
Qd7 Kg7 28. Nd4 a6 29. a4 h4 30. Qxe7 Rxe7 31. gxh4 Kh6 32. Rc5 Rc7 33. Re5 f5
34. Re8 Ba7 35. Ne6 Rh7 36. Ng5 1-0

[Event "C.to Italiano di Categoria B"]
[Site "Civitanova Marche ITA"]
[Date "2012.07.15"]
[Round "1"]
[White "Miandro, Roberto"]
[Black "Brociner, Beniamino"]
[WhiteElo "2093"]
[BlackElo "1961"]
[Result "1-0"]
[PlyCount "95"]
[EventDate "2012.07.15"]

1. c4 Nf6 2. Nf3 b6 3. g3 Bb7 4. Bg2 e6 5. O-O Be7 6. b3 O-O 7. Bb2 d5 8. d3 c5
9. e3 Nc6 10. Qe2 dxc4 11. dxc4 Qc7 12. Nc3 Rad8 13. Rad1 Rxd1 14. Rxd1 Rd8 15.
h3 Rxd1+ 16. Qxd1 Qd7 17. Qxd7 Nxd7 18. Ne1 Bf6 19. f4 Kf8 20. Nd3 Ke7 21. Kf2
g6 22. Nd1 Bxb2 23. N1xb2 Kd6 24. Nd1 a6 25. Nc3 f5 26. Bf3 Kc7 27. Ke2 Na5 28.
g4 Bxf3+ 29. Kxf3 Nc6 30. Nf2 Kd6 31. Kg3 Ke7 32. Kf3 Kd6 33. Nh1 e5 34. gxf5
gxf5 35. Ng3 e4+ 36. Ke2 Ke6 37. Kd2 Nb4 38. a3 Nd3 39. Nd5 a5 40. Nc7+ Kf6 41.
Ne8+ Kg6 42. Nd6 a4 43. bxa4 Nb2 44. Kc2 Nd3 45. Ndxf5 Nf2 46. h4 Nf6 47. Nd6
N6g4 48. Kd2 1-0

[Event "C.to Italiano di Categoria B"]
[Site "Civitanova Marche ITA"]
[Date "2012.07.15"]
[Round "1"]
[White "Milazzo, Mario"]
[Black "Monducci, Mirko"]
[WhiteElo "2077"]
[BlackElo "1918"]
[Result "1/2-1/2"]
[PlyCount "50"]
[EventDate "2012.07.15"]

1. c4 e6 2. Nf3 d5 3. d4 c6 4. g3 Nf6 5. Bg2 Be7 6. O-O Nbd7 7. b3 O-O 8. Nbd2
Ne4 9. Nxe4 dxe4 10. Ne5 f5 11. Bb2 Nxe5 12. dxe5 Qc7 13. Qc2 Bc5 14. a3 a5 15.
Kh1 Bd7 16. f3 exf3 17. Bxf3 Be8 18. Rad1 Bg6 19. Qc3 Rfd8 20. b4 axb4 21. axb4
Bf8 22. c5 Rxd1 23. Rxd1 Rd8 24. Qb3 Rxd1+ 25. Qxd1 Be8 1/2-1/2

[Event "C.to Italiano di Categoria B"]
[Site "Civitanova Marche ITA"]
[Date "2012.07.15"]
[Round "1"]
[White "Pacilli, Emanuele"]
[Black "Benaglia, Giovanni"]
[WhiteElo "2168"]
[BlackElo "1980"]
[Result "1-0"]
[PlyCount "67"]
[EventDate "2012.07.15"]

1. e4 e6 2. Nf3 g6 3. d4 Bg7 4. Bd3 d6 5. Bg5 Ne7 6. c3 Nbc6 7. Qd2 e5 8. d5
Nb8 9. Bh6 O-O 10. h4 f5 11. Bg5 fxe4 12. Bxe4 Bf5 13. Bxf5 Rxf5 14. c4 Nd7 15.
Be3 Rxf3 16. gxf3 Nf6 17. Nc3 Nf5 18. O-O-O c6 19. Ne4 Nh5 20. dxc6 bxc6 21.
Nxd6 Nd4 22. Bxd4 exd4 23. c5 Rb8 24. Qc2 Nf4 25. Rxd4 Nd5 26. Qd2 Qf6 27. Rd1
Qxf3 28. Rd3 Qf6 29. Rb3 Rxb3 30. axb3 Qxh4 31. Qe2 Qf4+ 32. Kb1 h5 33. Rg1 Qb4
34. Qe8+ 1-0

[Event "C.to Italiano di Categoria B"]
[Site "Civitanova Marche ITA"]
[Date "2012.07.15"]
[Round "1"]
[White "Panella, Fiammetta"]
[Black "Vesce, Emanuele"]
[WhiteElo "2043"]
[BlackElo "1872"]
[Result "1-0"]
[PlyCount "39"]
[EventDate "2012.07.15"]

1. e4 c5 2. Nf3 d6 3. d4 cxd4 4. Nxd4 Nf6 5. Nc3 a6 6. f4 e5 7. Nf3 Nbd7 8. Bd3
Be7 9. O-O b5 10. Qe1 O-O 11. a3 Qc7 12. Kh1 Bb7 13. Nh4 g6 14. f5 d5 15. Bh6
Rfe8 16. exd5 Nxd5 17. fxg6 hxg6 18. Nxg6 fxg6 19. Qg3 g5 20. Bxg5 1-0

[Event "C.to Italiano di Categoria B"]
[Site "Civitanova Marche ITA"]
[Date "2012.07.15"]
[Round "1"]
[White "Pierantozzi, Stanislao"]
[Black "Tardelli, Andrea"]
[WhiteElo "1986"]
[BlackElo "1736"]
[Result "1/2-1/2"]
[PlyCount "65"]
[EventDate "2012.07.15"]

1. d4 d5 2. c4 e5 3. dxe5 d4 4. Nf3 Nc6 5. a3 Nge7 6. Nbd2 Ng6 7. Nb3 Ngxe5 8.
Nxe5 Nxe5 9. Qxd4 Qxd4 10. Nxd4 Nxc4 11. e4 Nd6 12. Bd3 f6 13. O-O Bd7 14. Be3
O-O-O 15. Rac1 Re8 16. Nf3 Kb8 17. Nd2 Bb5 18. Bxb5 Nxb5 19. f3 Rd8 20. Nc4 Nd4
21. Rfd1 Bc5 22. Kf2 Nb3 23. Bxc5 Nxc5 24. Ke2 Nb3 25. Rxd8+ Rxd8 26. Rd1 Nd4+
27. Kf2 Kc8 28. Ne3 c6 29. g4 Ne6 30. b4 Nf4 31. Rxd8+ Kxd8 32. Nd1 g5 33. Ke3
1/2-1/2

[Event "C.to Italiano di Categoria B"]
[Site "Civitanova Marche ITA"]
[Date "2012.07.15"]
[Round "1"]
[White "Raselli, Claudio"]
[Black "Rorato, Renzo"]
[WhiteElo "1890"]
[BlackElo "2053"]
[Result "1/2-1/2"]
[PlyCount "95"]
[EventDate "2012.07.15"]

1. Nf3 d5 2. d4 Nf6 3. e3 e6 4. Bd3 c5 5. c3 Nc6 6. Nbd2 Bd6 7. O-O O-O 8. dxc5
Bxc5 9. e4 e5 10. exd5 Qxd5 11. Bc4 Qd6 12. Nb3 Qxd1 13. Rxd1 Bb6 14. h3 h6 15.
Be3 Bxe3 16. fxe3 e4 17. Nfd4 Ne5 18. Be2 b6 19. Nd2 Bb7 20. Nc4 Nxc4 21. Bxc4
Rac8 22. Be2 Rc5 23. Nb5 a5 24. a4 Bd5 25. Rd2 Rb8 26. Rad1 Bb3 27. Rd8+ Rxd8
28. Rxd8+ Kh7 29. Bd1 Rd5 30. Rxd5 Bxd5 31. Kf2 Nd7 32. b4 f5 33. Nd6 Kg6 34.
c4 Be6 35. bxa5 bxa5 36. Nb7 Bxc4 37. Nxa5 Bd5 38. Bb3 Bxb3 39. Nxb3 Nb6 40. a5
Na8 41. Nc5 Kf6 42. g4 g5 43. gxf5 Kxf5 44. Kg3 h5 45. h4 gxh4+ 46. Kxh4 Ke5
47. Kxh5 Kd5 48. Nxe4 1/2-1/2

[Event "C.to Italiano di Categoria B"]
[Site "Civitanova Marche ITA"]
[Date "2012.07.15"]
[Round "1"]
[White "Rinaudo, Andrea"]
[Black "Allegranti, Luca"]
[WhiteElo "2103"]
[BlackElo "1974"]
[Result "1-0"]
[PlyCount "71"]
[EventDate "2012.07.15"]

1. e4 g6 2. d4 Bg7 3. Nc3 d6 4. f4 e6 5. Nf3 Ne7 6. Be3 a6 7. Bd3 f5 8. O-O O-O
9. Qd2 Nbc6 10. Rae1 b5 11. a3 h6 12. Bf2 Qd7 13. d5 exd5 14. exd5 Nd8 15. Bh4
Bf6 16. Bxf6 Rxf6 17. Qe3 Kf8 18. Qd4 Ng8 19. Rf2 Qf7 20. Rfe2 Bd7 21. Ng5 Qg7
22. Ne6+ Nxe6 23. dxe6 Bc6 24. e7+ Ke8 25. Nd5 Rc8 26. Nxf6+ Qxf6 27. Qa7 Qxb2
28. Qxa6 Bd7 29. Qb7 Qxa3 30. Kh1 Qc5 31. Rb1 Qb6 32. Qxb6 cxb6 33. Bxb5 Rb8
34. Bxd7+ Kxd7 35. Ra1 Rb7 36. e8=Q+ 1-0

[Event "C.to Italiano di Categoria B"]
[Site "Civitanova Marche ITA"]
[Date "2012.07.15"]
[Round "1"]
[White "Sagripanti, Michele"]
[Black "Rinaudo, Sergio"]
[WhiteElo "1981"]
[BlackElo "2154"]
[Result "1/2-1/2"]
[PlyCount "120"]
[EventDate "2012.07.15"]

1. e4 e5 2. Nf3 Nf6 3. Nxe5 d6 4. Nf3 Nxe4 5. Nc3 Nxc3 6. dxc3 Be7 7. Bf4 O-O
8. Qd2 Nd7 9. O-O-O Nc5 10. h4 Bf6 11. Re1 Qd7 12. Bg5 Bxg5 13. hxg5 Qa4 14.
Bd3 g6 15. Kb1 Re8 16. Rh4 Rxe1+ 17. Qxe1 Nxd3 18. cxd3 Qb5 19. c4 Qf5 20. Qe8+
Kg7 21. Qe3 Bd7 22. Rf4 Qe6 23. Re4 Qf5 24. Nd4 Qc5 25. Re7 Rd8 26. Qf4 Bf5 27.
Nxf5+ gxf5 28. Qh4 d5 29. Qh6+ Kg8 30. Qf6 Rf8 31. Re3 dxc4 32. d4 Qd6 33. Qxd6
cxd6 34. Kc2 f6 35. gxf6 Rxf6 36. d5 f4 37. Re8+ Kg7 38. Kc3 Rg6 39. Re7+ Kh6
40. Re6 Kg5 41. Kxc4 Kf5 42. Kd3 Rxg2 43. Ke2 Rg7 44. Rxd6 Ke5 45. Rd8 Rc7 46.
Kd3 Rc5 47. Re8+ Kxd5 48. Re7 Rb5 49. b3 h5 50. Re4 Ra5 51. a4 Ra6 52. Rxf4 Rh6
53. Rh4 Ke5 54. Ke3 Kf5 55. Kf3 Kg5 56. Kg3 Rb6 57. b4 Rc6 58. Rd4 Rc3+ 59. f3
Rb3 60. b5 Ra3 1/2-1/2

[Event "C.to Italiano di Categoria B"]
[Site "Civitanova Marche ITA"]
[Date "2012.07.15"]
[Round "1"]
[White "Simeone, Giulio"]
[Black "De Grandi, Samuele"]
[WhiteElo "1984"]
[BlackElo "1655"]
[Result "0-1"]
[PlyCount "90"]
[EventDate "2012.07.15"]

1. c4 g6 2. d4 Bg7 3. Nc3 c5 4. e3 cxd4 5. exd4 Nf6 6. Bg5 h6 7. Bh4 Na6 8. Nf3
Nc7 9. Bd3 d5 10. Qb3 dxc4 11. Bxc4 O-O 12. O-O Be6 13. Bxe6 Nxe6 14. Qxb7 Nxd4
15. Rad1 Nxf3+ 16. Qxf3 Qa5 17. Qb7 Rfb8 18. Qxe7 g5 19. Bg3 Rxb2 20. Rd3 Rc2
21. Bc7 Qf5 22. Rf3 Qg6 23. Ba5 Rxc3 24. Bxc3 Nd5 25. Qa3 Nxc3 26. Rxc3 Bxc3
27. Qxc3 Qb6 28. Re1 Rb8 29. h3 a5 30. Qc4 Qb4 31. Qxb4 Rxb4 32. Re8+ Kg7 33.
Ra8 Ra4 34. Kf1 Rxa2 35. Ke1 Kg6 36. Ra6+ f6 37. g3 h5 38. Kf1 a4 39. f4 gxf4
40. gxf4 Kf5 41. Ra5+ Kxf4 42. Rxh5 f5 43. Rh8 a3 44. h4 Rb2 45. Ra8 a2 0-1

[Event "C.to Italiano di Categoria B"]
[Site "Civitanova Marche ITA"]
[Date "2012.07.15"]
[Round "1"]
[White "Spornberger, Andre"]
[Black "Buriani, Andrea"]
[WhiteElo "1982"]
[BlackElo "2174"]
[Result "1-0"]
[PlyCount "91"]
[EventDate "2012.07.15"]

1. e4 e5 2. Nf3 Nc6 3. d4 exd4 4. Bc4 Bc5 5. c3 Nf6 6. cxd4 Bb4+ 7. Bd2 Nxe4 8.
Bxb4 Nxb4 9. Bxf7+ Kxf7 10. Qb3+ d5 11. Ne5+ Ke6 12. Qxb4 Qf8 13. Qxf8 Rxf8 14.
Nc3 Nxc3 15. bxc3 c5 16. f3 cxd4 17. cxd4 Bd7 18. Kd2 Rac8 19. Rhe1 Rfe8 20. a4
Kd6 21. a5 Be6 22. Rab1 Re7 23. Rec1 Bf5 24. Rxc8 Bxc8 25. Rc1 Rc7 26. Rxc7
Kxc7 27. Kc3 b6 28. axb6+ Kxb6 29. g4 a5 30. f4 g6 31. Kb3 Be6 32. h4 Kb5 33.
h5 a4+ 34. Kc3 Bc8 35. h6 Be6 36. Nf3 a3 37. Ng5 Bg8 38. f5 gxf5 39. gxf5 a2
40. Kb2 Kb4 41. Nxh7 Bxh7 42. f6 Bg8 43. f7 Bxf7 44. h7 Bg6 45. h8=Q Bb1 46.
Qe5 1-0

[Event "C.to Italiano di Categoria B"]
[Site "Civitanova Marche ITA"]
[Date "2012.07.15"]
[Round "1"]
[White "Teutsch, Alexander"]
[Black "Andrenelli, Adriano"]
[WhiteElo "2089"]
[BlackElo "1934"]
[Result "1-0"]
[PlyCount "54"]
[EventDate "2012.07.15"]

1. d4 Nf6 2. c4 e5 3. dxe5 Ng4 4. Nf3 Bc5 5. e3 Nc6 6. Nc3 Ngxe5 7. Be2 O-O 8.
O-O Re8 9. a3 a5 10. b3 Ra6 11. Na4 Nxf3+ 12. Bxf3 Bf8 13. c5 Ne5 14. Be2 Rh6
15. e4 Ree6 16. Bxh6 Rxh6 17. g3 d6 18. f4 Ng6 19. cxd6 cxd6 20. Qd4 Qd7 21.
Nb6 Qh3 22. Rf2 Bg4 23. Bf1 Qh5 24. Nd5 b6 25. Rc1 Ne5 26. fxe5 dxe5 27. Qd2
Bxa3 1-0

[Event "C.to Italiano di Categoria B"]
[Site "Civitanova Marche ITA"]
[Date "2012.07.15"]
[Round "1"]
[White "Traversi, Carlo"]
[Black "Renzi, Marco"]
[WhiteElo "1586"]
[BlackElo "1983"]
[Result "0-1"]
[PlyCount "94"]
[EventDate "2012.07.15"]

1. e4 e5 2. Nf3 Nc6 3. Nc3 Nf6 4. d4 exd4 5. Nxd4 Bc5 6. Nb3 Bb6 7. Be2 d6 8.
O-O Be6 9. Bg5 Qd7 10. Kh1 h6 11. Bxf6 gxf6 12. Nd5 O-O-O 13. Nxb6+ axb6 14.
Nd4 Rdg8 15. Nxe6 fxe6 16. f4 h5 17. f5 e5 18. Bc4 Re8 19. Be6 Rxe6 20. fxe6
Qxe6 21. c3 Kd8 22. Qf3 Ke7 23. Qf5 Qf7 24. Rf3 Nb8 25. Raf1 Nd7 26. Rg3 Rh6
27. a3 Ke8 28. Rgf3 Qa2 29. R3f2 Ke7 30. g4 Qg8 31. Rg2 hxg4 32. Qxg4 Qxg4 33.
Rxg4 Kf7 34. b4 b5 35. Rf3 Nb6 36. Rg2 Nc4 37. Ra2 c6 38. a4 bxa4 39. Rxa4 Ke6
40. Ra2 d5 41. exd5+ cxd5 42. Kg2 f5 43. Ra8 f4 44. Re8+ Kf5 45. Rf8+ Ke4 46.
Rh3 Rg6+ 47. Kf2 Nd2 0-1

[Event "C.to Italiano di Categoria B"]
[Site "Civitanova Marche ITA"]
[Date "2012.07.16"]
[Round "2"]
[White "Allegranti, Luca"]
[Black "Brioschi, Camillo"]
[WhiteElo "1974"]
[BlackElo "1836"]
[Result "1-0"]
[PlyCount "51"]
[EventDate "2012.07.15"]

1. d4 d5 2. Nf3 e6 3. e3 Nf6 4. Bd3 c5 5. b3 Nc6 6. Nbd2 cxd4 7. exd4 Nb4 8.
Be2 Bd6 9. a3 Nc6 10. Bb2 O-O 11. Bd3 Qe7 12. O-O Bd7 13. Ne5 Rfd8 14. f4 Be8
15. Qf3 Nd7 16. Qh3 Nf8 17. f5 Nxe5 18. dxe5 Bc5+ 19. Kh1 exf5 20. Qxf5 Bd7 21.
Qh5 Be6 22. Nf3 Be3 23. Nd4 Rac8 24. Nxe6 fxe6 25. Rxf8+ Kxf8 26. Rf1+ 1-0

[Event "C.to Italiano di Categoria B"]
[Site "Civitanova Marche ITA"]
[Date "2012.07.16"]
[Round "2"]
[White "Arnetta, Maria Teresa"]
[Black "Distaso, Antonio"]
[WhiteElo "2013"]
[BlackElo "2040"]
[Result "1-0"]
[PlyCount "81"]
[EventDate "2012.07.15"]

1. e4 c5 2. b3 Nc6 3. Bb2 e5 4. Bc4 Nf6 5. d3 d6 6. Nf3 Be7 7. O-O O-O 8. h3 h6
9. a4 Nh7 10. Nc3 Bg5 11. Nd5 Ne7 12. Nxg5 hxg5 13. Qh5 Nxd5 14. Bxd5 Qf6 15.
a5 Rb8 16. h4 Qh6 17. Qxh6 gxh6 18. Bc1 Kg7 19. Be3 f5 20. hxg5 Nxg5 21. f4
exf4 22. Bxf4 Rd8 23. exf5 Kf6 24. Bd2 Nf7 25. Bc3+ Ne5 26. d4 cxd4 27. Bxd4
Bd7 28. Bxa7 Rbc8 29. Bxb7 Rxc2 30. Rf2 Rxf2 31. Kxf2 Bc6 32. Bb6 Rb8 33. Bxc6
Nxc6 34. g4 Ke5 35. Rh1 Kf4 36. Rxh6 Ne5 37. Rxd6 Nxg4+ 38. Ke2 Kxf5 39. b4 Ne5
40. Rd5 Re8 41. Bd4 1-0

[Event "C.to Italiano di Categoria B"]
[Site "Civitanova Marche ITA"]
[Date "2012.07.16"]
[Round "2"]
[White "Bellincampi, Stefano"]
[Black "Fratini, Mauro"]
[WhiteElo "2069"]
[BlackElo "1862"]
[Result "1-0"]
[PlyCount "71"]
[EventDate "2012.07.15"]

1. e4 Nf6 2. e5 Nd5 3. d4 d6 4. c4 Nb6 5. exd6 exd6 6. Nc3 Bf5 7. Nf3 Nc6 8.
Be3 Be7 9. Be2 h6 10. d5 Ne5 11. Nd4 Bh7 12. f4 Ned7 13. b3 Nc5 14. O-O Bf6 15.
Qd2 Nbd7 16. b4 Ne4 17. Nxe4 Bxe4 18. Bd3 Bxd3 19. Qxd3 O-O 20. Rae1 Nb6 21.
Nb5 a6 22. Nc3 Bxc3 23. Qxc3 Na4 24. Qc2 b5 25. Bd4 Qd7 26. Rc1 Rfe8 27. Qf2
Qg4 28. h3 Qe2 29. Qg3 g6 30. Qh4 Re4 31. Qf6 Rxd4 32. Qxd4 Qxa2 33. cxb5 axb5
34. Rxc7 Re8 35. Rfc1 Nc5 36. bxc5 1-0

[Event "C.to Italiano di Categoria B"]
[Site "Civitanova Marche ITA"]
[Date "2012.07.16"]
[Round "2"]
[White "Benaglia, Giovanni"]
[Black "Buriani, Andrea"]
[WhiteElo "1980"]
[BlackElo "2174"]
[Result "0-1"]
[PlyCount "52"]
[EventDate "2012.07.15"]

1. d4 d5 2. Bg5 Nf6 3. Bxf6 exf6 4. e3 Be6 5. g3 Nd7 6. Bg2 f5 7. Ne2 c6 8. Nd2
Bd6 9. b3 b5 10. c4 Nf6 11. cxb5 cxb5 12. O-O O-O 13. Nf3 Rc8 14. Qd3 Qb6 15.
Rfc1 Ba3 16. Rxc8 Rxc8 17. b4 Bxb4 18. Rb1 Qa5 19. Qb3 Bd6 20. Qxb5 Qxb5 21.
Rxb5 Rc2 22. Kf1 Rxa2 23. Nc3 Rc2 24. Na4 Bd7 25. Ra5 Ra2 26. Rxa7 Rxa4 0-1

[Event "C.to Italiano di Categoria B"]
[Site "Civitanova Marche ITA"]
[Date "2012.07.16"]
[Round "2"]
[White "Biancarelli, Renato"]
[Black "Panella, Fiammetta"]
[WhiteElo "1520"]
[BlackElo "2043"]
[Result "0-1"]
[PlyCount "76"]
[EventDate "2012.07.15"]

1. e4 c5 2. c3 Nf6 3. e5 Nd5 4. d4 cxd4 5. Nf3 e6 6. cxd4 b6 7. Nc3 Nxc3 8.
bxc3 Qc7 9. Bd2 Bb7 10. Bd3 d6 11. O-O Nd7 12. Re1 dxe5 13. Nxe5 Nxe5 14. Rxe5
Bd6 15. Rg5 Bxh2+ 16. Kh1 O-O-O 17. Qg4 h5 18. Qh4 Bd6 19. Rxh5 Be7 20. Qh3
Rxh5 21. Qxh5 g6 22. Qh3 Rd5 23. Be2 Rd8 24. Bd3 Bf6 25. Qg4 Rh8+ 26. Kg1 Qh2+
27. Kf1 Qh1+ 28. Ke2 Qxa1 29. Bc4 Qb1 30. Bxe6+ fxe6 31. Qxe6+ Kb8 32. Qxf6
Re8+ 33. Be3 Qc2+ 34. Ke1 Qxc3+ 35. Kd1 Qd3+ 36. Ke1 Qb1+ 37. Kd2 Qxa2+ 38. Kd1
Qe6 0-1

[Event "C.to Italiano di Categoria B"]
[Site "Civitanova Marche ITA"]
[Date "2012.07.16"]
[Round "2"]
[White "Capito', Mario"]
[Black "Bossoni, Mario"]
[WhiteElo "1857"]
[BlackElo "1919"]
[Result "0-1"]
[PlyCount "47"]
[EventDate "2012.07.15"]

1. c4 e5 2. Nc3 Nc6 3. g3 Bc5 4. Bg2 d6 5. d3 Be6 6. Nf3 h6 7. Rb1 Qd7 8. Nd5
Bxd5 9. cxd5 Nb4 10. Qb3 a5 11. a3 a4 12. Qc4 b5 13. Nxe5 bxc4 14. Nxd7 Kxd7
15. Bh3+ Kd8 16. axb4 Bxb4+ 17. Bd2 Bxd2+ 18. Kxd2 cxd3 19. Kxd3 Nf6 20. e4 Re8
21. f3 a3 22. b4 a2 23. Rbd1 Ra3+ 24. Ke2 0-1